000 00446nam a2200193Ia 4500
005 20240823021923.0
008 240823s9999||||xx |||||||||||||| ||und||
020 _a81-7992-257-X
041 _aENGLISH
082 _A658.155 P4
100 _aBagchi S K
245 0 _aCredit Risk Management
250 _a2nd
260 _c2004
_b"Jaico,B"
_aMumbai
500 _aYES
650 _aRisk
_bManagement Studies
942 _cBK
999 _c178005
_d178005